Logo BPK

Biblioteka

Politechniki Koszalińskiej

Mechanika kwantowa : (Rekord nr 10266)

Szczegóły MARC
000 -ETYKIETA REKORDU
podpole kontrolne o stałej długości 00624nam a2200205 i 4500
001 - NUMER KONTROLNY REKORDU
pole kontrolne bg
020 ## - MIĘDZYNARODOWY ZNORMALIZOWANY NUMER KSIĄŻKI - ISBN
ISBN 8301085789
040 ## - ŹRÓDŁO KATALOGOWANIA
Instytucja, która utworzyła rekord BPK
041 ## - KOD JĘZYKA
Kod języka tekstu pol
080 ## - UNIWERSALNA KLASYFIKACJA DZIESIĘTNA - UKD
UKD 530.145(075.8)
920 ## - Międzynarodowy znormalizowany numer książki – ISBN
ISBN 83-01-08578-9
008 - POLE O STAŁEJ DŁUGOŚCI - DANE KONTROLNE
podpole kontrolne o stałej długości s pl f |000 0 pol
100 1# - NAZWA OSOBOWA
Nazwa osobowa Grabowski, Marian
Daty związane z nazwą (1951- ).
245 #0 - TYTUŁ/ODPOWIEDZIALNOŚĆ
Tytuł Mechanika kwantowa :
Ciąg dalszy tytułu ujęcie w przestrzeni Hilberta /
Pozostałe elementy strefy tytułu i oznaczenia odpowiedzialności Marian Grabowski, Roman S. Ingarden.
260 ## - STREFA ADRESU WYDAWNICZEGO
Miejsce wydania Warszawa :
Nazwa wydawcy/dystrybutora Państ. Wydaw. Naukowe,
Data publikacji, dystrybucji/powstania dokumentu 1989.
300 ## - STREFA OPISU FIZYCZNEGO
Objętość 321, [2] s. :
Inne cechy fizyczne rys. ;
Rozmiary 24 cm.
504 ## - UWAGA DOTYCZĄCA BIBLIOGRAFII
Informacje o bibliografii Bibliogr. s. 321-322.
700 1# - HASŁO DODATKOWE - NAZWA OSOBOWA
Nazwa osobowa Ingarden, Roman Stanisław
Daty związane z nazwą (1920-2011).
856 ## - LOKALIZACJA I DOSTĘP DO ELEKTRONICZNYCH DOKUMENTÓW ZDALNYCH
Link (URL) http://koha.tu.koszalin.pl/cgi-bin/koha/opac-detail.pl?biblionumber=10266
Tekst linku Katalog online BPK
942 ## - DODATKOWE ELEMENTY (KOHA)
Typ dokumentu Książka
Egzemplarze
Wycofany Status egzemplarza Uszkodzony Dostępność Lokalizacja stała Lokalizacja bieżąca Miejsce przechowywania Sygnatura Kod kreskowy Typ dokumentu Status: wypożyczony Ostatnio wypożyczono
      Dostępny Biblioteka Politechniki Koszalińskiej Biblioteka Politechniki Koszalińskiej Wypożyczalnia BG P 38849 01289787 Książka    
      Dostępny Biblioteka Politechniki Koszalińskiej Biblioteka Politechniki Koszalińskiej Wypożyczalnia BG P 38850 02003832 Książka 13.02.2027 07.02.2022
© 2023 Biblioteka Politechniki Koszalińskiej :: KOHA